Countries With the Most Ukrainian Refugees - Statistics

General Stats
  • This quiz has been taken 58 times
  • The average score is 9 of 15
Answer Stats
Amount Country % Correct
994k Poland
100%
1.2m Germany
91%
254k United Kingdom
91%
74k France
78%
239k Spain
73%
173k Italy
71%
184k Romania
64%
374k Czechia
56%
144k Slovakia
51%
123k Netherlands
49%
83k Austria
47%
90k Belgium
42%
131k Moldova
31%
112k Ireland
29%
81k Norway
20%
No matching quizzes found
Score Distribution
Percent of People with Each Score
Percentile by Number Answered
Your Score History
You have not taken this quiz